Příliš mnoho dobra americká sociální politika 1950-1980
Guardado en:
| Autor principal: | |
|---|---|
| Otros Autores: | , |
| Formato: | Libro |
| Lenguaje: | checo |
| Publicado: |
Praha
Sociologické nakladatelství
1998
|
| Colección: | Studie
15. sv. |
| Materias: | |
| Etiquetas: |
Sin Etiquetas, Sea el primero en etiquetar este registro!
|
MARC
| LEADER | 00000nam a2200000 4500 | ||
|---|---|---|---|
| 001 | c103501 | ||
| 005 | 20230220124155.7 | ||
| 020 | |a 80-85850-55-9 | ||
| 041 | 0 | |a cze | |
| 044 | |a CZ | ||
| 245 | 1 | 0 | |a Příliš mnoho dobra |b americká sociální politika 1950-1980 |c Charles Murray ; [preložili]: Jana Ogrocká, Ivo Řezníček |
| 264 | 1 | |a Praha |b Sociologické nakladatelství |c 1998 | |
| 300 | |a 337 s. | ||
| 490 | 1 | |a Studie |v 15. sv. | |
| 830 | 0 | |a Studie |v 15. sv. | |
| 610 | 2 | 0 | |a politika sociálna |
| 610 | 2 | 0 | |a potreby sociálne |
| 610 | 2 | 0 | |a triedy spoločenské |
| 610 | 2 | 0 | |a chudoba |
| 610 | 2 | 0 | |a zamestnanosť |
| 610 | 2 | 0 | |a mzdy |
| 610 | 2 | 0 | |a vzdelanie |
| 610 | 2 | 0 | |a kriminalita |
| 610 | 2 | 0 | |a rodina |
| 610 | 2 | 0 | |a história |
| 610 | 2 | 0 | |a Amerika |
| 100 | 1 | |a Murray, Charles | |
| 700 | 1 | |a Ogrocká, Jana | |
| 700 | 1 | |a Řezníček, Ivo | |